Národní akční plán zaměstnanosti na rok 2001

Analýza situácie na trhu práce. Predpokladaný vývoj trhu práce. Národný plán zamestnanosti. Opatrenia Národného plánu zamestnanosti na rok 2001.

Na minha lista:
Detalhes bibliográficos
Autor principal: Kokotek, Tadeáš
Formato: Capítulo de Livro
Idioma:tcheco
Assuntos:
Tags: Adicionar Tag
Sem tags, seja o primeiro a adicionar uma tag!

MARC

LEADER 00000naa a2200000 4500
001 r041909
005 20230913071939.5
041 0 |a cze 
044 |a CZ 
245 1 0 |a Národní akční plán zaměstnanosti na rok 2001  |c Tadeáš Kokotek 
520 |a Analýza situácie na trhu práce. Predpokladaný vývoj trhu práce. Národný plán zamestnanosti. Opatrenia Národného plánu zamestnanosti na rok 2001. 
610 2 0 |a zamestnanosť 
610 2 0 |a Česko 
610 2 0 |a trh práce 
610 2 0 |a opatrenia 
610 2 0 |a 2001 
100 1 |a Kokotek, Tadeáš